[Event "94th Paris-ch  2019"]
[Site "Paris"]
[Date "2019.07.13"]
[Round "8.18"]
[White "Hingouet, Matthieu"]
[Black "Smith, Matthieu"]
[Result "1/2-1/2"]
[WhiteElo "2245"]
[BlackElo "2208"]
[Annotator "NA"]
[PlyCount "141"]
[EventDate "2019.07.07"]
[EventType "swiss"]
[EventCountry "FRA"]
[SourceTitle "playchess.com"]
[Source "ChessBase"]
[SourceQuality "1"]
[TimeControl "5400+30"]

1. d4 {[%emt 0:00:00]} Nf6 {[%emt 0:22:02]} 2. c4 {[%emt 0:00:00]} e6 {[%emt 0:03:39]} 3. Nc3 {[%emt 0:00:00]} Bb4 {[%emt 0:00:04]} 4. e3 {[%emt 0:00:00]} Bxc3+ {[%emt 0:00:04]} 5. bxc3 {[%emt 0:00:00]} d6 {[%emt 0:00:10]} 6. Bd3 {[%emt 0:02:56]} e5 {[%emt 0:00:57] E40: Nimzo-Indian: Rubinstein (4 e3): Unusual Black 4th moves} 7. e4 {[%emt 0:04:44]} Nc6 {[%emt 0:01:13]} 8. Ne2 {[%emt 0:01:03]} O-O {[%emt 0:00:15]} 9. O-O {[%emt 0:00:34]} Re8 {[%emt 0:10:00]} 10. f3 {[%emt 0:06:51]} b6 {[%emt 0:06:23]} 11. Bg5 {[%emt 0:04:51]} h6 {[%emt 0:06:20]} 12. Bh4 {[%emt 0:02:44]} g5 {[%emt 0:01:26]} 13. Bf2 {[%emt 0:01:05]} Nh5 {[%emt 0:05:38] [#]} 14. Ng3 $146 {[%emt 0:08:42]} ({Predecessor:} 14. c5 dxc5 15. dxc5 {0-1 (48) Anton Guijarro,D (2574)-Emiroglu,C (2260) Budva 2013}) 14... Nf4 {[%emt 0:03:55]} 15. Nf5 {[%emt 0:02:54]} Qf6 {[%emt 0:01:57]} 16. Ne3 {[%emt 0:04:23]} exd4 {[%emt 0:06:25]} 17. Nd5 {[%emt 0:01:50]} Nxd5 {[%emt 0:01:19]} 18. cxd5 {[%emt 0:01:09]} Ne5 {[%emt 0:00:46]} 19. cxd4 {[%emt 0:01:35]} Nxd3 {[%emt 0:00:17]} 20. Qxd3 {[%emt 0:00:05]} Qg6 {[%emt 0:02:34]} 21. Rac1 {[%emt 0:10:59]} Re7 {[%emt 0:00:09]} 22. Rc3 {[%emt 0:04:20]} g4 {[%emt 0:01:11]} 23. Kh1 {[%emt 0:10:27]} Kh7 {[%emt 0:06:23]} 24. Bh4 {[%emt 0:04:03]} gxf3 {[%emt 0:01:55]} 25. gxf3 {[%emt 0:04:36]} Re8 $2 {[%emt 0:00:14]} (25... f6 26. Rg1 Qh5) 26. Rg1 $18 {[%emt 0:01:31]} Qh5 {[%emt 0:00:04]} 27. Bf6 {[%emt 0:03:40]} Rg8 {[%emt 0:00:04]} 28. Rxg8 Kxg8 {[%emt 0:00:01]} 29. Rxc7 {[%emt 0:03:08]} Bh3 {[%emt 0:02:05]} 30. Rc1 {[%emt 0:00:54]} Kh7 {[%emt 0:01:10]} 31. Rg1 {[%emt 0:01:33]} Rg8 {[%emt 0:00:00]} 32. Rxg8 {[%emt 0:01:43]} Kxg8 {[%emt 0:00:11]} 33. e5 {[%emt 0:01:40]} Kf8 {[%emt 0:05:19]} 34. Qa3 {[%emt 0:02:22]} Kg8 {[%emt 0:05:33]} 35. Qe3 {[%emt 0:00:17]} Kh7 {[%emt 0:04:42]} 36. Qf4 {[%emt 0:03:23]} Qg6 {[%emt 0:01:25]} 37. Qg3 {[%emt 0:00:27]} Qb1+ {[%emt 0:01:42]} 38. Qg1 {[%emt 0:00:01]} Qxg1+ {[%emt 0:00:49]} 39. Kxg1 {[%emt 0:00:01]} Kg6 {[%emt 0:00:24]} 40. Be7 {[%emt 0:02:30]} dxe5 {[%emt 0:00:09]} 41. dxe5 {[%emt 0:00:02]} Bc8 {[%emt 0:00:16]} 42. Kf2 {[%emt 0:00:46]} Kf5 {[%emt 0:00:31]} 43. Bf6 {[%emt 0:00:23]} Bb7 {[%emt 0:00:48]} 44. d6 {[%emt 0:00:04]} Bc6 {[%emt 0:00:26]} 45. Ke3 {[%emt 0:00:29]} Bd7 {[%emt 0:00:40]} 46. a3 {[%emt 0:01:35]} Be8 {[%emt 0:00:20]} 47. Bg7 {[%emt 0:01:38]} h5 {[%emt 0:00:01]} 48. h3 {[%emt 0:01:02]} Bc6 {[%emt 0:00:04]} 49. Bf6 {[%emt 0:00:19]} Bd7 {[%emt 0:00:26]} 50. f4 {[%emt 0:01:06]} Bc6 {[%emt 0:00:43]} 51. Bd8 {[%emt 0:00:24]} Ke6 {[%emt 0:00:38]} 52. Kd4 {[%emt 0:00:52]} h4 {[%emt 0:00:40]} 53. Bxh4 {[%emt 0:00:19]} Bg2 {[%emt 0:00:04]} 54. f5+ {[%emt 0:00:49]} Kd7 {[%emt 0:00:01]} 55. Ke3 {[%emt 0:00:48]} Bxh3 {[%emt 0:00:06]} 56. Kf4 {[%emt 0:00:08]} Bf1 {[%emt 0:01:13]} 57. Kg5 {[%emt 0:00:27]} Bc4 {[%emt 0:00:18]} 58. Bf2 {[%emt 0:00:46]} Bb3 {[%emt 0:00:10]} 59. Kf6 {[%emt 0:00:06]} Bc4 {[%emt 0:00:58]} 60. Kg7 {[%emt 0:00:46]} Ke8 {[%emt 0:00:09]} 61. Bd4 {[%emt 0:00:43]} Bb3 {[%emt 0:00:32]} 62. Kf6 {[%emt 0:02:55]} Kd7 {[%emt 0:00:51]} 63. Be3 {[%emt 0:00:58]} Bc4 {[%emt 0:00:16]} 64. Bg1 {[%emt 0:00:28]} Bb3 {[%emt 0:00:09]} 65. Bf2 {[%emt 0:00:38]} Bc4 {[%emt 0:00:05]} 66. Kg5 {[%emt 0:00:39]} Bb3 {[%emt 0:00:28]} 67. Bd4 {[%emt 0:00:36]} Bc4 {[%emt 0:00:07]} 68. Kf6 {[%emt 0:00:32]} Bb3 {[%emt 0:00:09]} 69. Kg7 {[%emt 0:00:07]} Ke8 {[%emt 0:00:11]} 70. Kg8 {[%emt 0:00:51]} Bc4 {[%emt 0:02:07]} 71. Kg7 {[%emt 0:00:26]} 1/2-1/2

[Event "94th Paris-ch  2019"]
[Site "Paris"]
[Date "2019.07.13"]
[Round "8.19"]
[White "French, Max"]
[Black "Lutard, Theo"]
[Result "1/2-1/2"]
[WhiteElo "2232"]
[BlackElo "2222"]
[Annotator "ChessBase"]
[PlyCount "85"]
[EventDate "2019.07.07"]
[EventType "swiss"]
[EventCountry "FRA"]
[SourceTitle "playchess.com"]
[Source "ChessBase"]
[SourceQuality "1"]
[TimeControl "5400+30"]

1. d4 {[%emt 0:00:00]} e6 {[%emt 0:00:00]} 2. c4 {[%emt 0:00:00]} f5 {[%emt 0:00:02]} 3. g3 {[%emt 0:00:17]} Nf6 {[%emt 0:00:13]} 4. Bg2 {[%emt 0:00:07]} d5 {[%emt 0:00:21]} 5. Nf3 {[%emt 0:04:30]} c6 {[%emt 0:00:19]} 6. O-O {[%emt 0:00:07]} Bd6 {[%emt 0:00:06]} 7. b3 {[%emt 0:04:25]} Qe7 {[%emt 0:00:51]} 8. Bb2 {[%emt 0:01:08]} b6 {[%emt 0:00:30]} 9. Qc1 {[%emt 0:02:15]} Bb7 {[%emt 0:00:35]} 10. Ba3 {[%emt 0:01:22]} Nbd7 {[%emt 0:00:24]} 11. Bxd6 {[%emt 0:00:09]} Qxd6 {[%emt 0:00:04]} 12. Qa3 {[%emt 0:01:23]} c5 {[%emt 0:00:32]} 13. Nbd2 {[%emt 0:06:06]} O-O {[%emt 0:02:24]} 14. e3 {[%emt 0:00:24]} Ne4 {[%emt 0:03:52]} 15. Qb2 {[%emt 0:03:54]} Rae8 {[%emt 0:07:35]} 16. Rad1 {[%emt 0:03:29]} Qe7 {[%emt 0:12:47]} 17. a3 {[%emt 0:04:55]} g5 {[%emt 0:07:05]} 18. b4 {[%emt 0:05:03]} g4 {[%emt 0:08:31]} 19. Ne1 {[%emt 0:01:38]} Ba6 {[%emt 0:13:13]} 20. b5 {[%emt 0:00:20]} Bb7 {[%emt 0:00:15]} 21. Nd3 {[%emt 0:15:48]} Rc8 {[%emt 0:09:22]} 22. Rc1 {[%emt 0:06:07]} Rfd8 {[%emt 0:04:26]} 23. Rfd1 {[%emt 0:01:17]} Ndf6 {[%emt 0:10:40]} 24. dxc5 {[%emt 0:14:07]} bxc5 {[%emt 0:06:29]} 25. Ne5 {[%emt 0:02:17]} Nd7 {[%emt 0:06:45]} 26. Nxd7 {[%emt 0:02:03]} Rxd7 {[%emt 0:00:14]} 27. Nxe4 {[%emt 0:00:49]} dxe4 {[%emt 0:02:07]} 28. Kf1 {[%emt 0:03:39]} Rcd8 {[%emt 0:01:13]} 29. Ke1 {[%emt 0:03:01]} Rxd1+ {[%emt 0:02:09]} 30. Rxd1 {[%emt 0:00:05]} Rxd1+ {[%emt 0:00:49]} 31. Kxd1 {[%emt 0:00:05]} Qd6+ {[%emt 0:00:39]} 32. Qd2 {[%emt 0:01:07]} Qxd2+ {[%emt 0:00:07]} 33. Kxd2 {[%emt 0:00:04]} Kf7 {[%emt 0:00:10]} 34. a4 {[%emt 0:01:02]} Ke7 {[%emt 0:00:15]} 35. a5 {[%emt 0:00:29]} Kd7 {[%emt 0:00:39]} 36. Bf1 {[%emt 0:00:46]} Kc7 {[%emt 0:00:44]} 37. Be2 {[%emt 0:00:15]} Bc8 {[%emt 0:00:21]} 38. Bd1 {[%emt 0:00:38]} e5 {[%emt 0:00:58]} 39. Ba4 {[%emt 0:01:41]} Be6 {[%emt 0:00:17]} 40. Kc3 {[%emt 0:00:08]} Kb7 {[%emt 0:00:24]} 41. Kb3 {[%emt 0:01:11]} h6 {[%emt 0:00:36]} 42. Kc3 {[%emt 0:00:13]} Bf7 {[%emt 0:00:38]} 43. Bc2 {[%emt 0:03:26]} 1/2-1/2

[Event "94th Paris-ch  2019"]
[Site "Paris"]
[Date "2019.07.13"]
[Round "8.21"]
[White "Girel, Joseph"]
[Black "Gervasio, Ricardo"]
[Result "1-0"]
[WhiteElo "2215"]
[BlackElo "2223"]
[Annotator "ChessBase"]
[PlyCount "83"]
[EventDate "2019.07.07"]
[EventType "swiss"]
[EventCountry "FRA"]
[SourceTitle "playchess.com"]
[Source "ChessBase"]
[SourceQuality "1"]
[TimeControl "5400+30"]

1. e4 {[%emt 0:00:00]} c5 {[%emt 0:00:00]} 2. Nf3 {[%emt 0:00:31]} Nc6 {[%emt 0:00:00]} 3. Bb5 {[%emt 0:00:44]} Na5 {[%emt 0:00:00]} 4. d4 {[%emt 0:04:22]} a6 {[%emt 0:00:00]} 5. Be2 {[%emt 0:00:59]} cxd4 {[%emt 0:00:04]} 6. Nxd4 {[%emt 0:00:24]} Qc7 {[%emt 0:00:23]} 7. Nc3 {[%emt 0:01:50]} e6 {[%emt 0:00:06]} 8. O-O {[%emt 0:02:34]} Nf6 {[%emt 0:06:18]} 9. Qd3 {[%emt 0:03:20]} b5 {[%emt 0:00:28]} 10. a3 {[%emt 0:05:16]} Bb7 {[%emt 0:00:37]} 11. f4 {[%emt 0:02:25]} Rc8 {[%emt 0:02:53]} 12. e5 {[%emt 0:03:18]} Nd5 {[%emt 0:00:14]} 13. Ne4 {[%emt 0:00:31]} Be7 {[%emt 0:04:05]} 14. Kh1 {[%emt 0:08:53]} Nc6 {[%emt 0:02:23]} 15. Nf3 {[%emt 0:07:27]} Na5 {[%emt 0:03:39]} 16. Nd4 {[%emt 0:02:00]} O-O {[%emt 0:14:10]} 17. b4 {[%emt 0:11:53]} Nc4 {[%emt 0:00:29]} 18. Nb3 {[%emt 0:01:06]} a5 {[%emt 0:04:29]} 19. c3 {[%emt 0:03:22]} f5 {[%emt 0:03:04]} 20. exf6 {[%emt 0:01:59]} Nxf6 {[%emt 0:00:01]} 21. Nxf6+ {[%emt 0:02:05]} Bxf6 {[%emt 0:01:30]} 22. Nc5 {[%emt 0:00:02]} Bd5 {[%emt 0:05:21]} 23. Be3 {[%emt 0:08:56]} d6 {[%emt 0:10:29]} 24. Ne4 {[%emt 0:01:30]} Be7 {[%emt 0:07:24]} 25. Bd4 {[%emt 0:06:59]} Qc6 {[%emt 0:00:48]} 26. Qg3 {[%emt 0:04:05]} e5 {[%emt 0:01:29]} 27. fxe5 {[%emt 0:00:02]} dxe5 {[%emt 0:01:24]} 28. Bc5 {[%emt 0:00:29]} Bxc5 {[%emt 0:02:02]} 29. Nxc5 {[%emt 0:01:10]} Rfe8 {[%emt 0:06:05]} 30. Bg4 {[%emt 0:02:38]} Rcd8 {[%emt 0:11:33]} 31. Qh3 {[%emt 0:01:42]} Re7 {[%emt 0:02:58]} 32. Rad1 {[%emt 0:01:55]} Rd6 {[%emt 0:00:27]} 33. Bf3 {[%emt 0:01:52]} e4 {[%emt 0:02:03]} 34. Rxd5 {[%emt 0:01:28]} exf3 {[%emt 0:04:00]} 35. Qxf3 {[%emt 0:00:46]} Rf6 {[%emt 0:01:11]} 36. Rd8+ {[%emt 0:01:31]} Re8 {[%emt 0:00:07]} 37. Rxe8+ {[%emt 0:00:52]} Qxe8 {[%emt 0:00:01]} 38. Qd5+ {[%emt 0:00:01]} Kh8 {[%emt 0:00:30]} 39. Qd3 {[%emt 0:02:07]} Nb2 {[%emt 0:02:48]} 40. Qb1 {[%emt 0:00:36]} Qe2 {[%emt 0:00:04]} 41. Re1 {[%emt 0:01:16]} Qf2 {[%emt 0:01:56]} 42. Ne4 {[%emt 0:00:22]} 1-0

[Event "94th Paris-ch  2019"]
[Site "Paris"]
[Date "2019.07.14"]
[Round "9.1"]
[White "Chalmeta Ugas, Ramon"]
[Black "Moussard, Jules"]
[Result "0-1"]
[WhiteElo "2232"]
[BlackElo "2576"]
[Annotator "ChessBase"]
[PlyCount "88"]
[EventDate "2019.07.07"]
[EventType "swiss"]
[EventCountry "FRA"]
[SourceTitle "playchess.com"]
[Source "ChessBase"]
[SourceQuality "1"]
[TimeControl "5400+30"]

1. e4 {[%emt 0:00:00]} c5 {[%emt 0:05:32]} 2. Nf3 {[%emt 0:00:00]} d6 {[%emt 0:00:03]} 3. Bb5+ {[%emt 0:00:00]} Bd7 {[%emt 0:00:04]} 4. Bxd7+ {[%emt 0:00:00]} Nxd7 {[%emt 0:00:07]} 5. O-O {[%emt 0:00:08]} Ngf6 {[%emt 0:00:03]} 6. Qe2 {[%emt 0:00:37]} Rc8 {[%emt 0:00:04]} 7. b3 {[%emt 0:07:14]} g6 {[%emt 0:00:59]} 8. Bb2 {[%emt 0:00:34]} Bg7 {[%emt 0:00:14]} 9. d4 {[%emt 0:05:32]} cxd4 {[%emt 0:06:05]} 10. Nxd4 {[%emt 0:02:02]} Nc5 {[%emt 0:01:57]} 11. Nd2 {[%emt 0:02:25]} O-O {[%emt 0:07:50]} 12. c4 {[%emt 0:02:11]} e6 {[%emt 0:01:14]} 13. Kh1 {[%emt 0:05:32]} Re8 {[%emt 0:03:50]} 14. Rad1 {[%emt 0:05:42]} a6 {[%emt 0:03:42]} 15. a3 {[%emt 0:07:30]} Qc7 {[%emt 0:06:18]} 16. b4 {[%emt 0:06:33]} Na4 {[%emt 0:03:55]} 17. Ba1 {[%emt 0:00:16]} Nd7 {[%emt 0:00:59]} 18. Rc1 {[%emt 0:13:09]} b5 {[%emt 0:10:34]} 19. Qd1 {[%emt 0:05:18]} Qa7 {[%emt 0:17:26]} 20. N2f3 {[%emt 0:04:52]} Bh6 {[%emt 0:00:48]} 21. Nd2 {[%emt 0:05:21]} e5 {[%emt 0:06:04]} 22. N4f3 {[%emt 0:03:32]} Nab6 {[%emt 0:03:16]} 23. cxb5 {[%emt 0:03:17]} axb5 {[%emt 0:00:23]} 24. Rxc8 {[%emt 0:00:29]} Rxc8 {[%emt 0:00:05]} 25. Bb2 {[%emt 0:00:36]} Nc4 {[%emt 0:02:18]} 26. Nxc4 {[%emt 0:00:18]} bxc4 {[%emt 0:00:15]} 27. Qc2 {[%emt 0:03:48]} c3 {[%emt 0:01:38]} 28. Bc1 {[%emt 0:04:35]} Bxc1 {[%emt 0:00:07]} 29. Qxc1 {[%emt 0:00:07]} Nf6 {[%emt 0:01:28]} 30. Qc2 {[%emt 0:04:35]} Qxa3 {[%emt 0:00:32]} 31. Rb1 {[%emt 0:00:02]} Qa8 {[%emt 0:00:23]} 32. b5 {[%emt 0:00:50]} Qxe4 {[%emt 0:00:18]} 33. Qc1 {[%emt 0:00:24]} c2 {[%emt 0:00:48]} 34. Ra1 {[%emt 0:00:23]} Ng4 {[%emt 0:00:13]} 35. Kg1 {[%emt 0:00:21]} Qe2 {[%emt 0:00:05]} 36. h3 {[%emt 0:01:14]} Qxf2+ {[%emt 0:00:07]} 37. Kh1 {[%emt 0:00:04]} Ne3 {[%emt 0:00:04]} 38. Ne1 {[%emt 0:00:32]} Rc3 {[%emt 0:01:42]} 39. b6 {[%emt 0:00:57]} Kg7 {[%emt 0:01:05]} 40. b7 {[%emt 0:03:56]} Nxg2 {[%emt 0:00:29]} 41. Ra3 {[%emt 0:01:10]} Nxe1 {[%emt 0:00:14]} 42. Qg5 {[%emt 0:01:28]} c1=Q {[%emt 0:00:26]} 43. b8=Q {[%emt 0:00:59]} Nf3+ {[%emt 0:00:46]} 44. Qxc1 {[%emt 0:00:06]} Qh2# {[%emt 0:00:05]} 0-1

[Event "94th Paris-ch  2019"]
[Site "Paris"]
[Date "2019.07.14"]
[Round "9.2"]
[White "Abergel, Thal"]
[Black "Moksh Amit Doshi"]
[Result "1/2-1/2"]
[WhiteElo "2450"]
[BlackElo "2229"]
[Annotator "ChessBase"]
[PlyCount "31"]
[EventDate "2019.07.07"]
[EventType "swiss"]
[EventCountry "FRA"]
[SourceTitle "playchess.com"]
[Source "ChessBase"]
[SourceQuality "1"]
[TimeControl "5400+30"]

1. Nf3 {[%emt 0:00:00]} Nf6 {[%emt 0:02:00]} 2. c4 {[%emt 0:00:09]} c5 {[%emt 0:00:54]} 3. b3 {[%emt 0:01:03]} g6 {[%emt 0:00:22]} 4. Bb2 {[%emt 0:00:06]} Bg7 {[%emt 0:00:05]} 5. g3 {[%emt 0:00:14]} b6 {[%emt 0:00:07]} 6. Bg2 {[%emt 0:00:12]} Bb7 {[%emt 0:00:07]} 7. O-O {[%emt 0:01:24]} O-O {[%emt 0:00:06]} 8. Nc3 {[%emt 0:01:47]} d5 {[%emt 0:00:22]} 9. Nxd5 {[%emt 0:02:38]} Nxd5 {[%emt 0:00:08]} 10. Bxg7 {[%emt 0:00:08]} Kxg7 {[%emt 0:00:05]} 11. cxd5 {[%emt 0:00:09]} Qxd5 {[%emt 0:00:05]} 12. d4 {[%emt 0:00:30]} cxd4 {[%emt 0:00:07]} 13. Qxd4+ {[%emt 0:00:13]} Qxd4 {[%emt 0:00:06]} 14. Nxd4 {[%emt 0:00:03]} Bxg2 {[%emt 0:00:11]} 15. Kxg2 {[%emt 0:00:03]} a5 {[%emt 0:00:48]} 16. Rac1 {[%emt 0:02:18]} 1/2-1/2

[Event "94th Paris-ch  2019"]
[Site "Paris"]
[Date "2019.07.14"]
[Round "9.4"]
[White "Bonte, Andrei-Mihai"]
[Black "Guliyev, Namig"]
[Result "0-1"]
[WhiteElo "2337"]
[BlackElo "2551"]
[Annotator "ChessBase"]
[PlyCount "50"]
[EventDate "2019.07.07"]
[EventType "swiss"]
[EventCountry "FRA"]
[SourceTitle "playchess.com"]
[Source "ChessBase"]
[SourceQuality "1"]
[TimeControl "5400+30"]

1. Nf3 {[%emt 0:04:55]} d5 {[%emt 0:00:00]} 2. c4 {[%emt 0:00:33]} d4 {[%emt 0:00:00]} 3. e3 {[%emt 0:02:03]} Nc6 {[%emt 0:00:09]} 4. exd4 {[%emt 0:00:16]} Nxd4 {[%emt 0:00:04]} 5. Nxd4 {[%emt 0:00:09]} Qxd4 {[%emt 0:00:05]} 6. Nc3 {[%emt 0:00:05]} c6 {[%emt 0:00:43]} 7. d3 {[%emt 0:00:50]} Nh6 {[%emt 0:00:05]} 8. Be3 {[%emt 0:02:10]} Qd8 {[%emt 0:00:08]} 9. Bxh6 {[%emt 0:17:17]} gxh6 {[%emt 0:00:06]} 10. d4 {[%emt 0:03:49]} Bg7 {[%emt 0:00:17]} 11. d5 {[%emt 0:03:31]} O-O {[%emt 0:01:17]} 12. Bd3 {[%emt 0:08:06]} e5 {[%emt 0:04:41]} 13. Qc2 {[%emt 0:06:35]} f5 {[%emt 0:00:21]} 14. f3 {[%emt 0:00:27]} e4 {[%emt 0:14:08]} 15. fxe4 {[%emt 0:00:26]} fxe4 {[%emt 0:00:10]} 16. Nxe4 {[%emt 0:00:09]} cxd5 {[%emt 0:00:22]} 17. cxd5 {[%emt 0:00:06]} Bg4 {[%emt 0:00:27]} 18. h3 {[%emt 0:13:59]} Bh5 {[%emt 0:04:38]} 19. Rc1 {[%emt 0:03:25]} Qb6 {[%emt 0:07:54]} 20. Qd2 {[%emt 0:01:24]} Rae8 {[%emt 0:02:50]} 21. Rc4 {[%emt 0:02:19]} Bd4 {[%emt 0:00:06]} 22. Rf1 {[%emt 0:02:39]} Rxf1+ {[%emt 0:05:22]} 23. Kxf1 {[%emt 0:00:15]} Rf8+ {[%emt 0:00:02]} 24. Ke1 {[%emt 0:00:22]} Bc3 {[%emt 0:00:09]} 25. Qxc3 {[%emt 0:01:48]} Qe3+ {[%emt 0:00:11]} 0-1

[Event "94th Paris-ch  2019"]
[Site "Paris"]
[Date "2019.07.14"]
[Round "9.5"]
[White "Anand Nadar"]
[Black "Stephan, Victor"]
[Result "1/2-1/2"]
[WhiteElo "2358"]
[BlackElo "2358"]
[Annotator "NA"]
[PlyCount "21"]
[EventDate "2019.07.07"]
[EventType "swiss"]
[EventCountry "FRA"]
[SourceTitle "playchess.com"]
[Source "ChessBase"]
[SourceQuality "1"]
[TimeControl "5400+30"]

1. d4 {[%emt 0:00:00]} Nf6 {[%emt 0:01:33]} 2. Nf3 {[%emt 0:01:01]} e6 {[%emt 0:00:15]} 3. c4 {[%emt 0:00:08]} c5 {[%emt 0:00:20]} 4. g3 {[%emt 0:09:06]} cxd4 {[%emt 0:00:28]} 5. Nxd4 {[%emt 0:00:06]} d5 {[%emt 0:00:09]} 6. Bg2 {[%emt 0:00:07]} e5 {[%emt 0:00:15]} 7. Nf3 {[%emt 0:00:05]} d4 {[%emt 0:00:14]} 8. O-O {[%emt 0:00:04]} Nc6 {[%emt 0:00:29]} 9. e3 {[%emt 0:00:06]} Be7 {[%emt 0:00:29]} 10. exd4 {[%emt 0:00:10]} exd4 {[%emt 0:00:09]} 11. Re1 {[%emt 0:03:53]} 1/2-1/2

[Event "94th Paris-ch  2019"]
[Site "Paris"]
[Date "2019.07.14"]
[Round "9.6"]
[White "Guilleux, Fabien"]
[Black "Lux, Hugo de Melo"]
[Result "1/2-1/2"]
[WhiteElo "2442"]
[BlackElo "2231"]
[Annotator "NA"]
[PlyCount "66"]
[EventDate "2019.07.07"]
[EventType "swiss"]
[EventCountry "FRA"]
[SourceTitle "playchess.com"]
[Source "ChessBase"]
[SourceQuality "1"]
[TimeControl "5400+30"]

1. Nf3 {[%emt 0:00:00]} c5 {[%emt 0:00:01]} 2. c4 {[%emt 0:00:27]} Nc6 {[%emt 0:00:13]} 3. d4 {[%emt 0:00:09]} cxd4 {[%emt 0:00:05]} 4. Nxd4 {[%emt 0:00:09]} Nf6 {[%emt 0:00:51]} 5. g3 {[%emt 0:01:27]} e5 {[%emt 0:01:27]} 6. Nb5 {[%emt 0:00:58]} Bb4+ {[%emt 0:00:34]} 7. N1c3 {[%emt 0:07:43]} d6 {[%emt 0:01:03]} 8. a3 {[%emt 0:16:17]} Bxc3+ {[%emt 0:02:16]} 9. Nxc3 {[%emt 0:00:03]} Be6 {[%emt 0:00:14]} 10. Qa4 {[%emt 0:00:10]} d5 {[%emt 0:04:58]} 11. cxd5 {[%emt 0:10:57]} Nxd5 {[%emt 0:02:22]} 12. Bg2 {[%emt 0:00:09]} O-O {[%emt 0:00:29]} 13. Nxd5 {[%emt 0:10:12]} Bxd5 {[%emt 0:03:37]} 14. e4 {[%emt 0:00:08]} b5 {[%emt 0:15:41]} 15. Qxb5 {[%emt 0:12:45]} Nd4 {[%emt 0:03:03]} 16. Qxd5 {[%emt 0:00:17]} Nc2+ {[%emt 0:00:07]} 17. Ke2 {[%emt 0:00:08]} Nxa1 {[%emt 0:06:21]} 18. Qxd8 {[%emt 0:13:44]} Rfxd8 {[%emt 0:00:27]} 19. Bd2 {[%emt 0:00:02]} Nb3 {[%emt 0:03:23]} 20. Bc3 {[%emt 0:00:09]} f6 {[%emt 0:03:43]} 21. Ke3 {[%emt 0:06:09]} Kh8 {[%emt 0:12:12]} 22. f4 {[%emt 0:03:41]} Nd4 {[%emt 0:00:36]} 23. a4 {[%emt 0:00:48]} Rac8 {[%emt 0:05:21]} 24. Rf1 {[%emt 0:07:09]} Kg8 {[%emt 0:06:46]} 25. Rf2 {[%emt 0:01:30]} Rc4 {[%emt 0:01:49]} 26. a5 {[%emt 0:00:10]} Rc5 {[%emt 0:00:15]} 27. Bf1 {[%emt 0:01:56]} Nc6 {[%emt 0:06:16]} 28. a6 {[%emt 0:00:17]} g6 {[%emt 0:00:15]} 29. Be2 {[%emt 0:00:45]} Kg7 {[%emt 0:00:24]} 30. h4 {[%emt 0:00:54]} Nd4 {[%emt 0:06:21]} 31. Bd3 {[%emt 0:00:56]} Nc6 {[%emt 0:02:20]} 32. Be2 {[%emt 0:00:07]} Nd4 {[%emt 0:05:17]} 33. Bd3 {[%emt 0:00:19]} Nc6 {[%emt 0:00:42]} 1/2-1/2

[Event "94th Paris-ch  2019"]
[Site "Paris"]
[Date "2019.07.14"]
[Round "9.7"]
[White "Fitzsimons, David"]
[Black "Dixit, Nikhil"]
[Result "1-0"]
[WhiteElo "2301"]
[BlackElo "2318"]
[Annotator "NA"]
[PlyCount "65"]
[EventDate "2019.07.07"]
[EventType "swiss"]
[EventCountry "FRA"]
[SourceTitle "playchess.com"]
[Source "ChessBase"]
[SourceQuality "1"]
[TimeControl "5400+30"]

1. e4 {[%emt 0:01:12]} g6 {[%emt 0:00:00]} 2. d4 {[%emt 0:00:10]} Bg7 {[%emt 0:00:00]} 3. Nc3 {[%emt 0:00:14]} c6 {[%emt 0:00:00]} 4. Nf3 {[%emt 0:00:21]} d6 {[%emt 0:00:03]} 5. Be3 {[%emt 0:00:12]} Nf6 {[%emt 0:00:32]} 6. Qd2 {[%emt 0:00:25]} O-O {[%emt 0:01:10]} 7. Bh6 {[%emt 0:00:29]} Bg4 {[%emt 0:04:33]} 8. h4 {[%emt 0:01:56]} b5 {[%emt 0:12:58]} 9. Bd3 {[%emt 0:00:11]} Bxf3 {[%emt 0:04:09]} 10. gxf3 {[%emt 0:00:07]} Nh5 {[%emt 0:01:02]} 11. Bxg7 {[%emt 0:00:38]} Kxg7 {[%emt 0:00:46]} 12. f4 {[%emt 0:00:27]} e5 {[%emt 0:17:28]} 13. fxe5 {[%emt 0:00:26]} dxe5 {[%emt 0:00:10]} 14. dxe5 {[%emt 0:00:15]} Qd4 {[%emt 0:00:50]} 15. O-O-O {[%emt 0:04:03]} Qxe5 {[%emt 0:00:35]} 16. Ne2 {[%emt 0:00:26]} Nd7 {[%emt 0:08:20]} 17. f4 {[%emt 0:02:08]} Qe6 {[%emt 0:00:25]} 18. Kb1 {[%emt 0:11:46]} Kg8 {[%emt 0:07:50]} 19. Rhg1 {[%emt 0:05:38]} Nc5 {[%emt 0:10:12]} 20. f5 {[%emt 0:02:17]} Qf6 {[%emt 0:05:35]} 21. Rg5 {[%emt 0:03:47]} Nxd3 {[%emt 0:06:54]} 22. cxd3 {[%emt 0:00:14]} h6 {[%emt 0:01:48]} 23. e5 {[%emt 0:01:20]} Qh8 {[%emt 0:02:28]} 24. Rxh5 {[%emt 0:00:18]} gxh5 {[%emt 0:00:31]} 25. f6 {[%emt 0:00:06]} Rfc8 {[%emt 0:02:38]} 26. Rg1+ {[%emt 0:01:02]} Kf8 {[%emt 0:00:07]} 27. Rg7 {[%emt 0:00:24]} Ke8 {[%emt 0:01:13]} 28. Qb4 {[%emt 0:00:47]} Rc7 {[%emt 0:00:43]} 29. e6 {[%emt 0:01:49]} Rd8 {[%emt 0:01:33]} 30. Nf4 {[%emt 0:00:35]} a5 {[%emt 0:02:03]} 31. Qe4 {[%emt 0:00:19]} Qf8 {[%emt 0:01:06]} 32. exf7+ {[%emt 0:00:07]} Kd7 {[%emt 0:00:18]} 33. Qe6# {[%emt 0:00:05]} 1-0